[Event "Hull 4NCL GM"]
[Site "Hull"]
[Date "2021.10.22"]
[Round "5.2"]
[White "Czopor, Maciej"]
[Black "Wadsworth, Matthew J"]
[Result "1-0"]
[WhiteElo "2411"]
[BlackElo "2425"]
[PlyCount "79"]
[EventDate "2021.10.20"]
[EventType "tourn"]
[EventRounds "9"]
[EventCountry "ENG"]
[EventCategory "7"]
[SourceTitle "BritBase"]
[Source "John Saunders"]
[SourceDate "2021.06.05"]
[SourceVersion "1"]
[SourceVersionDate "2021.06.05"]
[SourceQuality "1"]

1. e4 c5 2. Nf3 e6 3. d4 cxd4 4. Nxd4 Nc6 5. Nc3 Qc7 6. Be3 a6 7. Qf3 Ne5 8.
Qg3 h5 9. Nf5 f6 10. O-O-O g6 11. f4 Ng4 12. h3 Nxe3 13. Qxg6+ Kd8 14. Ng7 Bxg7
15. Qxg7 Qxf4 16. Qxh8 Nxd1+ 17. Kxd1 Qg5 18. h4 Qg4+ 19. Ne2 Kc7 20. Rh3 Ne7
21. Qxf6 Nc6 22. Rg3 Qxe4 23. Qf4+ Qxf4 24. Nxf4 e5 25. Nxh5 d5 26. Rg7+ Kd6
27. g4 Be6 28. Nf6 Rf8 29. g5 Nd8 30. Be2 e4 31. c4 dxc4 32. Nxe4+ Kd5 33. Nf6+
Kd4 34. Re7 b5 35. h5 Bf5 36. g6 Ne6 37. h6 Rd8 38. g7 Ke5+ 39. Rd7 Nxg7 40.
Rxd8 1-0